|
|
|
|
| LEADER |
01101cam a2200289Ia 4500 |
| 001 |
9780203412909 |
| 003 |
FlBoTFG |
| 005 |
20091230162920.0 |
| 006 |
a|||||s||||||||||| |
| 007 |
cr|||| |
| 008 |
911223s1992 enka sb 001 0 eng d |
| 020 |
|
|
|a 9780203412909 (e-book : PDF)
|
| 040 |
|
|
|a FlBoTFG
|c FlBoTFG
|d GrThAP
|
| 090 |
|
|
|a HT114
|b .T66 1992
|
| 092 |
|
|
|a 307.76093
|b T659
|
| 100 |
1 |
|
|a Tomlinson, R. A.
|q (Richard Allan)
|
| 245 |
1 |
0 |
|a From Mycenae to Constantinople
|h [electronic resource] :
|b the evolution of the ancient city /
|c Richard Tomlinson.
|
| 260 |
|
|
|a London ;
|a New York :
|b Routledge,
|c 1992.
|
| 300 |
|
|
|a xiii, 238 p. :
|b ill.
|
| 500 |
|
|
|a Simultaneously published in the USA and Canada.
|
| 504 |
|
|
|a Includes bibliographical references (p. 225-233) and index.
|
| 530 |
|
|
|a Also available in print edition.
|b CRC Press (http://www.crcpress.com)
|
| 538 |
|
|
|a Mode of access: World Wide Web.
|
| 650 |
|
0 |
|a Cities and towns, Ancient.
|
| 655 |
|
7 |
|a Electronic books.
|2 lcsh
|
| 776 |
1 |
|
|z 9780415059985
|
| 856 |
4 |
0 |
|u http://www.tandfebooks.com/isbn/9780203412909
|z Full Text via HEAL-Link
|